| 000 | 01534cam a22003371ia4500 | ||
|---|---|---|---|
| 003 | SA-RiAUC | ||
| 005 | 20250129065457.0 | ||
| 008 | 250129s1981 le o g b 000 0cara c | ||
| 040 |
_aAE-AiULD _bara _cSA-RiAUC _erda |
||
| 082 | 0 | 4 |
_a922.1 _qSA-RiAUC |
| 090 |
_a922.1 _b م ن ذ |
||
| 100 | 1 |
_aالمنذري، عبد العظيم بن عبد القوي بن عبد الله، _d581-656 هجري _eمؤلف. |
|
| 245 | 1 | 2 |
_aالتكملة لوفيات النقلة / _cتأليف زكي الدين أبو محمد عبد العظيم بن عبد القوي المنذري ؛ حققه وعلق عليه بشارة عواد معروف. |
| 250 | _aالطبعة الثانية. | ||
| 264 | 1 |
_aبيروت : _bمؤسسة الرسالة، _c1981 |
|
| 300 |
_a4 مجلد : _bصور ؛ _c24 سم |
||
| 336 |
_aنص _btxt _2rdacontent _3كتاب |
||
| 337 |
_aبدون وسيط _bn _2rdamedia |
||
| 338 |
_aمجلد _bnc _2rdacarrier |
||
| 504 | _aببليوجرافية : صفحة 5-35. | ||
| 504 | _aيشتمل على إرجاعات ببليوجرافية. | ||
| 590 | _aزكي. | ||
| 650 | 7 |
_aالمسلمون _vتراجم _2aucsh |
|
| 650 | 7 |
_aالحديث _xتراجم الرواة _2aucsh |
|
| 700 | 1 |
_aمعروف، بشار عواد، _d1940- _eمحقق. |
|
| 700 | 1 | 2 |
_aابن المفضل، علي بن المفضل بن علي، _d544-611 هجري. _tوفيات النقلة. |
| 740 | 0 | 2 | _aوفيات النقلة. |
| 942 |
_2ddc _cBOOK _n0 |
||
| 949 |
_aSA-JeALM _d250129 _ueid123 _n1 |
||
| 999 |
_c5381 _d5381 |
||